01110nam a22002177a 4500003000900000008004100009040007100050082002500121110003900146245010000185260003200285300005600317440009500373505027400468650002900742650001600771650002200787650001000809700001800819710005500837AR-CdUCM190425b ||||| |||| 00| 0 spa d aMUNICIPALIDAD PROVINCIAL DEL CUSCOcBIBLIOTECA MUNICIPAL DEL CUSCO aRev.DIMA/N°8-9/1941 aInstituto Arqueológico del Cuzco aRevista del Instituto Arqueológico /cLuis A. Pardo, director, Universidad Nacional del Cusco aCusco :bH.G. Rozas,c1941. a110 páginas. :bilustraciones, 01 plano ;c21 cm. aRevista del Instituto Arqueológico.nAño V, primer y segundo semestre, 1941. N°8 y 9. aContenido: Prologo del Dr. José Gabriel Cosio. -- Ruinas del tránsito. -- Machupijchu. -- Teorías sobre el origen de Machupijchu. -- Otras opiniones. -- Huainapijchu. -- Las ruinas de Cedrobamba. -- Descubrimientos de dos nuevas ciudades en la zona de Cedrobamba. aArqueología cusqueña aMachupicchu aArquitectura Inka aInkas aPardo, Luis A aUniversidad Nacional de San Antonio Abad del Cusco